00515caa a22001692a 4500001000900000003001100009008004300020092001700063100002000080245002300100300001600123500007400139546001300213942000900226999001700235773009300252 015023 AR-FADEU 311216n########xxu####################dd a813.01bG786 aBierce, Ambrose aThe boarded window aPP. 154-159 aEn: GREAT american short stories / ed. Wallace. New York : DELL, 1978 aInglés cBDGR c20782d207820 020763920552abdNew Yorko0174tGREAT american short storiesw( AR-FADEU) 015004xz